Diccionario geográfico de la intendencia nacional del Chocó / (Registro nro. 6340)

Detalles MARC
000 -LEADER
fixed length control field 00679nam a2200205Ia 4500
003 - CONTROL NUMBER IDENTIFIER
control field OSt
005 - DATE AND TIME OF LATEST TRANSACTION
control field 20200917163350.0
008 - FIXED-LENGTH DATA ELEMENTS--GENERAL INFORMATION
fixed length control field 191128s2015 ck a g 000 0 spa d
020 ## - INTERNATIONAL STANDARD BOOK NUMBER
International Standard Book Number 9789585841178
040 ## - CATALOGING SOURCE
Original cataloging agency CO-JMCR
Transcribing agency CO-JMCR
041 ## - LANGUAGE CODE
Language code of text/sound track or separate title spa
082 04 - DEWEY DECIMAL CLASSIFICATION NUMBER
Classification number R /
Item number 918
100 1# - MAIN ENTRY--PERSONAL NAME
Personal name Acevedo Latorre, Eduardo,
Relator term autor
9 (RLIN) 10423
245 #0 - TITLE STATEMENT
Title Diccionario geográfico de la intendencia nacional del Chocó /
Remainder of title Eduardo Acevedo Latorre
260 ## - PUBLICATION, DISTRIBUTION, ETC.
Place of publication, distribution, etc. Bogotá :
Name of publisher, distributor, etc. Sociedad Geográfica de Colombia,
Date of publication, distribution, etc. 2015
300 ## - PHYSICAL DESCRIPTION
Extent 162 páginas :
Other physical details ilustraciones ;
Dimensions 24 cm.
500 ## - GENERAL NOTE
General note Incluye datos biográficos del autor en la portada.
650 14 - SUBJECT ADDED ENTRY--TOPICAL TERM
Topical term or geographic name entry element Terminnología
9 (RLIN) 10424
942 ## - ADDED ENTRY ELEMENTS (KOHA)
Source of classification or shelving scheme Dewey Decimal Classification
Koha item type Books
Existencias
Withdrawn status Lost status Source of classification or shelving scheme Damaged status Not for loan Collection code Home library Current library Date acquired Source of acquisition Full call number Barcode Date last seen Copy number Koha item type
    Dewey Decimal Classification     Fiction Biblioteca Pública José María del Castillo y Rada Biblioteca Pública José María del Castillo y Rada 11/28/2019 Donación R / 918 430012476 11/28/2019 A174dEj.1 Books